000
00353cam a2200145 4500
008
040914n2005 000 0 eng u
020
_a
1405126493
035
_a
(Sirsi) u127360
100
_a
Cornia, G
245
_a
Property taxation worldwide
260
_a
Blackwells
_c
2005
350
_a
75.00
520
_a
Due for publication 2005
942
_n
0
999
_c
103755
_d
103755